000 00883nam0a2200277 4500
001 RU\NLR\bibl\1398756
005 20250615203406.0
010 _a978-5-17-059579-2
_bАСТ
010 _a978-5-403-01307-9
_bАСТ МОСКВА
_910000
021 _aRU
_b2009-44220
_92687
035 _a(NLR Aleph) 001390770
090 _a1160693
_c1160693
100 _a20090806d2009 |||y0rusy50 ca
101 1 _arus
_ceng
102 _aRU
105 _ay |||||||||
200 1 _aКозырной туз
_eроман
_fБарбара Мецгер
_g[пер. с англ. Н.В. Волковой]
210 _aМосква
_cАСТ
_cАСТ МОСКВА
_d2009
215 _a318, [1] с.
_d17
225 1 _aмини ШАРМ
700 1 _aМецгер
_bБ.
_gБарбара
_4070
801 0 _aRU
_bNLR
_c20090806
_gRCR
801 1 _aRU
_bNLR
_c20090806
942 _cBOOK
980 _aNB